Orlando Magic Head Coaches by Picture - Statistics

General Stats
  • This quiz has been taken 17 times
  • The average score is 5 of 14
Answer Stats
Picture Hint Answer % Correct
1999-2003 Doc Rivers
93%
2007-2012 Stan Van Gundy
79%
2021-Present Jamahl Mosley
57%
1997-1999 Chuck Daly
50%
2016-2018 Frank Vogel
36%
2018-2021 Steve Clifford
36%
1993-1997 | 2005-2007 Brian Hill
29%
2015 James Borrego
29%
2015-2016 Scott Skiles
29%
2003-2005 Johnny Davis
21%
1997 Richie Adubato
21%
2012-2015 Jacque Vaughn
14%
1989-1993 Matt Guokas
14%
2005 Chris Jent
7%
No matching quizzes found
Score Distribution
Percent of People with Each Score
Percentile by Number Answered
Your Score History
You have not taken this quiz